Faktory úspechu v polygrafickom priemysle
Výzvy v polygrafickom priemysle v súčasnosti. Trendy a špecifiká polygrafického priemyslu. Porovnateľnosť analyzovaných podnikov. Metodika rozdelenia podnikov podľa hospodárskej úspešnosti. Stratégia produktivity a stratégia rastu. Analýza faktorov úspešnosti 93 spoločností - tlačiarní, ktoré reprez...
Salvato in:
| Autore principale: | |
|---|---|
| Natura: | Capitolo di libro |
| Lingua: | slovacco |
| Soggetti: | |
| Tags: |
Nessun Tag, puoi essere il primo ad aggiungerne!!
|
MARC
| LEADER | 00000naa$a2200000$$$4500 | ||
|---|---|---|---|
| 001 | 0155095 | ||
| 005 | 20240502072728.3 | ||
| 041 | 0 | |a slo | |
| 044 | |a SK | ||
| 245 | 1 | 0 | |a Faktory úspechu v polygrafickom priemysle |c Josef Misof |
| 520 | |a Výzvy v polygrafickom priemysle v súčasnosti. Trendy a špecifiká polygrafického priemyslu. Porovnateľnosť analyzovaných podnikov. Metodika rozdelenia podnikov podľa hospodárskej úspešnosti. Stratégia produktivity a stratégia rastu. Analýza faktorov úspešnosti 93 spoločností - tlačiarní, ktoré reprezentujú 80 percent trhového podielu tlačiarní na Slovensku. | ||
| 610 | 2 | 0 | |a priemysel polygrafický |
| 610 | 2 | 0 | |a tlačiarne |
| 610 | 2 | 0 | |a ukazovatele finančné |
| 610 | 2 | 0 | |a tržby |
| 610 | 2 | 0 | |a výsledok hospodársky |
| 610 | 2 | 0 | |a rentabilita |
| 610 | 2 | 0 | |a aktíva |
| 610 | 2 | 0 | |a výskum |
| 610 | 2 | 0 | |a analýzy |
| 610 | 2 | 0 | |a Slovensko |
| 100 | 1 | |a Misof, Josef, 1974- | |